000 00620nmm a2200193Ia 4500
008 251105s9999||||xx |||||||||||||||||und||
020 _a9788484898726
041 _aspa
100 _aArmas, Frederick A. de
245 0 _aNuevas sonoras aves :
_b Catorce estudios sobre Calderón de la Barca
264 _a[Madrid, España] :
_bIberoamericana Vervuert,
_c2015
300 _a282 páginas
490 _a--Sin Colección
650 _aSpanish literature
700 _aArmas, Frederick A. de
700 1 _a Sánchez Jiménez, Antonio (eds.)
856 _uhttps://public.digitaliapublishing.com/a/56930
942 _cCF
999 _c62123
_d62123